| 000 | 00497nam a22001937a 4500 | ||
|---|---|---|---|
| 003 | CEME | ||
| 005 | 20210628202542.0 | ||
| 008 | 210209b xxu||||| |||| 00| 0 eng d | ||
| 020 | _a981-240-217-9 | ||
| 040 | _c. | ||
| 082 | _a629.89 COX | ||
| 100 |
_aCox, Richard.A _960457 |
||
| 245 | _aTechnician's guide to programmable controllers | ||
| 250 | _a11th | ||
| 260 |
_aNEW DELHI _bVIKAS PUBLISHER _c2001 |
||
| 300 | _aX,372P | ||
| 650 |
_aPROGRAMMABLE CONTROLLERS _936646 |
||
| 942 |
_cBK _2ddc |
||
| 999 |
_c570169 _d570169 |
||